00884nam a2200289Ia 4500001000700000008004100007035001500048041000800063084001900071110004900090245005900139260002600198300002100224650001800245650002800263650002800291650002000319710003800339901000600377903000700383904000800390953004200398999001500440910000900455942001400464952011600478002799221003s1997 xx 000 0 spa d aCENDO_3965 aspa aEM-00041-00009 aINSTITUTO NACIONAL DE EMPLEOcEspaña91583 0aColaboración INEM - Servei Catalá de Col.Locació a[S.l. :bs.n.,c199?] a11 h. ;c 30 cm aDESEMPLEO953 aSERVICIO DE EMPLEO9122 aSERVICIOS PUBLICOS9117 aCATALUÑA9539 aSERVEI CATALA DE COLLOCACIO94592 a2 aNO a000 d1997-10-22yDOCUMENTOoEM-00041-00009 c3964d3964 a1997 cDOCUMENTO 00104070aCENDObCENDOd1997-10-22l0oEM-00041-00009pCENDO_3965r2022-10-05 00:00:00w2022-10-05yDOCUMENTO